| 000 | 00977nam a2200241 a 4500 | ||
|---|---|---|---|
| 001 | 36749 | ||
| 003 | BD-RjUL | ||
| 005 | 20211209052532.0 | ||
| 008 | 140828s2000 bg a|||| |||| 000 0 ben d | ||
| 020 | _c: Tk. 400.00 | ||
| 035 | _a(BD-RjUL)36851 | ||
| 040 |
_aBD-RjUL _bben _cBD-RjUL _dBD-RjUL |
||
| 041 | _aben | ||
| 082 |
_a332.1 _bKHB 2000 _223 |
||
| 100 | 1 |
_aখান, আজিজুর রহমান _9112098 |
|
| 245 | 1 | 0 |
_aব্যাংক ব্যাবস্থাপনা / _c আজিজুর রহমান খান ; সম্পাদনায়, মোহাম্মদ হাবিব উল্লাহ |
| 260 |
_aঢাকা : _bরুবী পাবলিকেশন্স, _c২০০০ |
||
| 300 |
_a৪২৭ পৃ. : _bচিত্র. _c২৬ সেমি. |
||
| 650 |
_aব্যাংক _9112099 |
||
| 650 |
_aBanks _9112100 |
||
| 700 |
_a উল্লাহ, মোহাম্মদ হাবিব _9112101 |
||
| 942 |
_2ddc _cBK |
||
| 999 |
_c36749 _d36749 |
||